European Football Club Champions - Map Quiz - Statistics

General Stats
  • This quiz has been taken 176 times
  • The average score is 26 of 42
Answers on the Map
Answers color-coded by a green-red scale on the quiz's map according to % correct below.
 
Answer Stats
Answer % Correct
Chelsea
93%
Real Madrid
92%
Juventus
90%
Bayern München
89%
Benfica
89%
Olympiakos
88%
Basel
86%
Helsinki
86%
Monaco
86%
Spartak Moskva
86%
Anderlecht
85%
Malmö FF
85%
Feyenoord
84%
Salzburg
84%
Dynamo Kyiv
83%
København
82%
Legia Warszawa
82%
Cork City
79%
Flora Tallinn
71%
Slavia Praha
70%
Valletta FC
69%
Rosenborg
65%
Mladost Podgorica
57%
BATE Borisov
56%
Sheriff Tiraspol
53%
Ludogorets Razgrad
52%
Rijeka
50%
Crvena Zvezda
47%
Dudelange
46%
Honvéd
40%
Astra Giurgiu
39%
Tre Penne
38%
Žalgiris
38%
Olimpija
35%
Santa Coloma
35%
Valur
35%
Trenčín
34%
Zrinjski Mostar
33%
Spartaks Jūrmala
31%
Vardar
29%
Kukësi
26%
Feronikeli
23%
No matching quizzes found
Score Distribution
Percent of People with Each Score
Percentile by Number Answered
Your Score History
You have not taken this quiz